| 000 | 00689 a2200253 4500 | ||
|---|---|---|---|
| 001 | 110799 | ||
| 020 | _a0874837839 (pbk.) | ||
| 020 | _a9780874837940 (hc.) | ||
| 041 | _aeng | ||
| 082 | _aP Year 6 398 | ||
| 250 | _a1st August House ed. | ||
| 300 | _axi, 116 p. | ||
| 697 | _aFolklore. | ||
| 697 | _aTales. | ||
| 697 | _aPeace - Folklore. | ||
| 697 | _aWar - Folklore. | ||
| 856 | _u00001b/00001b70.jpg | ||
| 040 |
_aBR-BrIDEA _cBR-BrIDEA |
||
| 090 |
_aP Year 6 398 _bPEA |
||
| 245 | 1 | 0 |
_aPeace tales _bworld folktales to talk about _ccompiled by Margaret Read MacDonald |
| 260 |
_a[s.l.] _bAugust House _c2005 |
||
| 700 |
_aMargaret Read MacDonald _ecompiled |
||
| 942 | _cBK | ||
| 999 |
_c110799 _d110799 |
||